| 000 | 01479nam a2200361Ia 4500 | ||
|---|---|---|---|
| 001 | ebr10112555 | ||
| 003 | CaPaEBR | ||
| 006 | m u | ||
| 007 | cr cn||||||||| | ||
| 008 | 041217s2004 xxua sb 001 0 eng d | ||
| 010 | _z 2004559397 | ||
| 020 | _z0738498262 (pbk.) | ||
| 040 |
_aCaPaEBR _cCaPaEBR |
||
| 035 | _a(OCoLC)137342175 | ||
| 050 | 1 | 4 |
_aHD30.213 _b.O54 2004eb |
| 245 | 0 | 0 |
_aOn demand operating environment _h[electronic resource] : _bcreating business flexibility / _cIBM International Technical Support Organization. |
| 250 | _a1st ed. | ||
| 260 |
_a[S.l.] : _bIBM, International Technical Support Organization, _cc2004. |
||
| 300 |
_axviii, 236 p. : _bill. |
||
| 490 | 1 | _aIBM redbooks | |
| 500 | _a"April 2004." | ||
| 504 | _aIncludes bibliographical references and index. | ||
| 533 |
_aElectronic reproduction. _bPalo Alto, Calif. : _cebrary, _d2009. _nAvailable via World Wide Web. _nAccess may be limited to ebrary affiliated libraries. |
||
| 650 | 0 | _aManagement information systems. | |
| 650 | 0 |
_aInformation technology _xManagement. |
|
| 650 | 0 | _aIBM software. | |
| 650 | 0 | _aSystems software. | |
| 655 | 7 |
_aElectronic books. _2local |
|
| 710 | 2 |
_aInternational Business Machines Corporation. _bInternational Technical Support Organization. |
|
| 710 | 2 | _aebrary, Inc. | |
| 830 | 0 | _aIBM redbooks. | |
| 856 | 4 | 0 |
_uhttp://site.ebrary.com/lib/rucke/Doc?id=10112555 _zAn electronic book accessible through the World Wide Web; click to view |
| 999 |
_c107015 _d107015 |
||